| 000 | 00713nam a2200277Ia 4500 | ||
|---|---|---|---|
| 008 | 170203s9999 xx 000 0 und d | ||
| 020 | _a9628882791 | ||
| 050 | _a912 | ||
| 050 | _bH679 2005 | ||
| 100 | _aHoare, Ben. | ||
| 245 | _aTemperate grasslands / | ||
| 245 | _cBen Hoare. | ||
| 260 | _aSingapore : | ||
| 260 | _bEducational Technologies Ltd. | ||
| 260 | _c2005 | ||
| 300 | _a64 pages : | ||
| 300 | _bcolor illustrations, color maps ; | ||
| 300 | _c29 cm. | ||
| 440 | _aBiomes atlases. | ||
| 650 | _aGrassland ecology -- | ||
| 650 | _aGrassland ecology. | ||
| 650 | _aGrasslands -- | ||
| 650 | _aGrasslands. | ||
| 650 | _xJuvenile literature. | ||
| 650 | _xJuvenile literature. | ||
| 999 |
_c305763 _d305763 |
||